000 00506nam a22001817a 4500
005 20260504122648.0
020 _a9789381269299
041 _aENG
082 _a650
_bSIE
100 _aSiegel, Andrew F.
245 _aPractical business statistics /
_cAndrew F. Siegel
250 _a6th edition.
260 _aNoida :
_bElsevier ,
_c2012.
300 _axviii, 619 pages :
_bIllustrations ;
_c24 cm.
504 _aInclude index.
650 _aIndustrial management
_xStatistical methods
942 _2ddc
_cBK
999 _c24333
_d24333